[Event "40th ECC Open 2025"]
[Site "Rhodes GRE"]
[Date "2025.10.21"]
[Round "3.124"]
[White "Johannesson, Oliver"]
[Black "Korsunsky, Yuri"]
[Result "1/2-1/2"]
[WhiteTitle "FM"]
[BlackTitle "IM"]
[WhiteElo "2264"]
[BlackElo "2369"]
[WhiteTeam "Fjolnir"]
[BlackTeam "Perfect"]
[WhiteFideId "2305623"]
[BlackFideId "14102722"]
[EventDate "2025.10.19"]
[EventType "team"]

1. e4 d6 2. d4 g6 3. Nc3 Bg7 4. Bg5 c5 5. d5 h6 6. Be3 Qa5 7. Bd2 Nf6 8. h3 O-O
9. Nf3 Qb6 10. a4 e6 11. a5 Qd8 12. Bd3 exd5 13. exd5 Re8+ 14. Be3 Na6 15. O-O
Nb4 16. Bb5 Bd7 17. Bxd7 Qxd7 18. Qd2 Kh7 19. Bf4 Qf5 20. Bxd6 Nbxd5 21. Nxd5
Nxd5 22. Rad1 Nf6 23. c3 Rac8 24. Qf4 Qxf4 25. Bxf4 Re2 26. Rd2 Rxd2 27. Bxd2 b5
28. axb6 axb6 29. Ra1 Rc7 30. Bf4 Rb7 31. Kf1 b5 32. Ra5 Nd7 33. Bd6 Bf6 34. Nd2
Kg7 35. Ne4 c4 36. Bb4 Be5 37. Nd6 Bxd6 38. Bxd6 Kf6 39. Bf4 h5 40. Be3 Ke5 41.
Ke2 Kd5 42. Ra8 Nc5 43. Rd8+ Rd7 44. Rb8 Rb7 45. Rd8+ Rd7 46. Rb8 1/2-1/2

[Event "40th ECC Open 2025"]
[Site "Rhodes GRE"]
[Date "2025.10.21"]
[Round "3.125"]
[White "Kurochkin, Victor"]
[Black "Birkisson, Bjorn Holm"]
[Result "1-0"]
[BlackTitle "CM"]
[WhiteElo "2370"]
[BlackElo "2188"]
[WhiteTeam "Perfect"]
[BlackTeam "Fjolnir"]
[WhiteFideId "4105168"]
[BlackFideId "2310600"]
[EventDate "2025.10.19"]
[EventType "team"]

1. e4 e5 2. Nf3 Nc6 3. Bc4 Nf6 4. d3 Bc5 5. O-O a6 6. c3 Ba7 7. a4 d6 8. Nbd2
O-O 9. a5 h6 10. Re1 Re8 11. Qb3 Qe7 12. Nf1 Rb8 13. Ng3 Be6 14. Qd1 Bxc4 15.
dxc4 Qe6 16. Qd3 Ne7 17. b3 Rf8 18. h3 Nd7 19. Nh4 Qf6 20. Nhf5 Nxf5 21. Nxf5
Nc5 22. Qc2 Ne6 23. Be3 Bxe3 24. Nxe3 Nf4 25. Rad1 Rbd8 26. Kh2 Qe6 27. Nd5 Nxd5
28. Rxd5 f5 29. f3 fxe4 30. Qxe4 Rde8 31. Rd2 Qf5 32. Qd5+ Qf7 33. Kg1 Qxd5 34.
Rxd5 Kf7 35. c5 Ke6 36. c4 Rf5 37. cxd6 cxd6 38. Red1 Rd8 39. c5 Rf7 40. Rxd6+
Rxd6 41. Rxd6+ Kf5 42. c6 bxc6 43. Rxc6 Rb7 44. Rb6 Ra7 45. Kf2 h5 46. g4+ hxg4
47. hxg4+ Kf4 48. Rb4+ Kg5 49. Ke3 Rc7 50. Rb6 Rc1 51. Kd2 Rf1 52. Rxa6 Rxf3 53.
Rb6 Rf2+ 54. Ke3 Ra2 55. a6 Kxg4 56. Rb4+ e4 57. Rxe4+ 1-0

[Event "40th ECC Open 2025"]
[Site "Rhodes GRE"]
[Date "2025.10.21"]
[Round "3.126"]
[White "Hardarson, Jon Trausti"]
[Black "Pleshkov, Mikhail"]
[Result "1/2-1/2"]
[WhiteElo "2076"]
[BlackElo "2033"]
[WhiteTeam "Fjolnir"]
[BlackTeam "Perfect"]
[WhiteFideId "2302594"]
[BlackFideId "34106917"]
[EventDate "2025.10.19"]
[EventType "team"]

1. d4 c5 2. d5 Nf6 3. Nf3 d6 4. Nc3 g6 5. e4 Bg4 6. Bb5+ Nbd7 7. a4 Bg7 8. O-O
O-O 9. Be2 Bxf3 10. Bxf3 a6 11. Be2 Ne8 12. Bg5 Nc7 13. Qd2 Re8 14. f4 Rb8 15.
a5 b5 16. axb6 Rxb6 17. Ra2 Qb8 18. b3 Nb5 19. Nxb5 axb5 20. Bh4 Qc7 21. Ra5 c4
22. b4 Qb7 23. Bf2 Ra6 24. Rxa6 Qxa6 25. Bd4 Bxd4+ 26. Qxd4 Ra8 27. Kf2 Qb6 28.
Qxb6 Nxb6 29. Ke3 Ra2 30. Kd2 f5 31. exf5 gxf5 32. Bf3 Rb2 33. Re1 Kf7 34. g4
fxg4 35. Bxg4 Rxb4 36. Be6+ Kf6 37. Rg1 Ra4 38. Rg8 Ra8 39. Rg5 b4 40. h4 h5 41.
Rxh5 Kg6 42. Rg5+ Kh6 43. Bg4 Ra2 44. Rh5+ Kg6 45. Rg5+ Kh6 46. Rh5+ Kg6 47.
Rg5+ Kh6 1/2-1/2

[Event "40th ECC Open 2025"]
[Site "Rhodes GRE"]
[Date "2025.10.21"]
[Round "3.127"]
[White "Pasti, Aron"]
[Black "Saraci, Nderim"]
[Result "0-1"]
[WhiteTitle "IM"]
[BlackTitle "IM"]
[WhiteElo "2366"]
[BlackElo "2445"]
[WhiteTeam "SK Dunajska Streda"]
[BlackTeam "Dardania"]
[WhiteFideId "785857"]
[BlackFideId "6351921"]
[EventDate "2025.10.19"]
[EventType "team"]

1. e4 e5 2. Nf3 Nc6 3. Bb5 a6 4. Ba4 Nf6 5. O-O Be7 6. Re1 b5 7. Bb3 d6 8. c3
O-O 9. h3 Nb8 10. d4 Nbd7 11. a4 Bb7 12. Nbd2 c5 13. Bc2 cxd4 14. cxd4 Qc7 15.
a5 Rac8 16. Bb1 exd4 17. Nxd4 Rfe8 18. Nf1 Bf8 19. Ng3 Nc5 20. Qf3 d5 21. Bf4
dxe4 22. Bxe4 Rxe4 23. Nxe4 Bxe4 24. Rxe4 Qd7 25. Re3 Qxd4 26. Be5 Qd5 27. Bxf6
Qxf3 28. Rxf3 gxf6 29. Rc1 Rd8 30. Rxf6 Ne6 31. Rf3 Bb4 32. h4 Bxa5 33. Ra3 Bd2
34. Rc6 a5 35. Rb6 Bb4 36. Rg3+ Kf8 37. Rf3 Nd4 38. Rff6 Be7 39. Rh6 Kg7 40. Rh5
a4 41. Rbh6 Rh8 42. Ra6 Rc8 43. Rah6 Rh8 44. Ra6 Bf6 45. g4 Rb8 46. Ra7 Nf3+ 47.
Kf1 Nxh4 48. g5 Bd4 49. Rd7 Nf5 50. Rh3 Bxb2 51. Rf3 a3 0-1

[Event "40th ECC Open 2025"]
[Site "Rhodes GRE"]
[Date "2025.10.21"]
[Round "3.128"]
[White "Boci, Mateu"]
[Black "Rigo, Zsolt"]
[Result "0-1"]
[WhiteTitle "FM"]
[BlackTitle "IM"]
[WhiteElo "2186"]
[BlackElo "2403"]
[WhiteTeam "Dardania"]
[BlackTeam "SK Dunajska Streda"]
[WhiteFideId "4704665"]
[BlackFideId "14903172"]
[EventDate "2025.10.19"]
[EventType "team"]

1. e4 c5 2. Nf3 e6 3. d4 cxd4 4. Nxd4 a6 5. Bd3 Nf6 6. O-O Qc7 7. c4 Nc6 8. Nxc6
dxc6 9. Be3 e5 10. h3 Be6 11. Nc3 Nd7 12. Qe2 Bc5 13. a3 O-O 14. b4 Bd4 15. Bxd4
exd4 16. Nd1 a5 17. Nb2 axb4 18. axb4 c5 19. b5 Ne5 20. Rxa8 Rxa8 21. f4 Nxd3
22. Qxd3 f6 23. e5 fxe5 24. Re1 Qf7 25. fxe5 Qf4 26. Qb3 b6 27. Nd3 Qd2 28. Rf1
Qc3 29. Qd1 Qxc4 30. Nf4 Rd8 31. Rf3 Bf5 32. Qe1 d3 33. Qh4 Qd4+ 34. Kh2 d2 35.
Rg3 g6 36. Nxg6 Qxh4 37. Nxh4+ Kf7 38. Nxf5 d1=Q 39. Rg7+ Ke6 0-1

[Event "40th ECC Open 2025"]
[Site "Rhodes GRE"]
[Date "2025.10.21"]
[Round "3.129"]
[White "Bagi, Mate"]
[Black "Saraci, Korab"]
[Result "1-0"]
[WhiteTitle "IM"]
[BlackTitle "CM"]
[WhiteElo "2431"]
[BlackElo "2197"]
[WhiteTeam "SK Dunajska Streda"]
[BlackTeam "Dardania"]
[WhiteFideId "742570"]
[BlackFideId "4701968"]
[EventDate "2025.10.19"]
[EventType "team"]

1. e4 e5 2. Nf3 Nc6 3. Nc3 Nf6 4. Bb5 Nd4 5. O-O c6 6. Bd3 Qc7 7. Nxd4 exd4 8.
e5 Ng8 9. Ne4 Qxe5 10. Re1 Be7 11. b4 d5 12. Nc5 Qc7 13. Bb2 Nf6 14. Bxd4 b6 15.
Be5 Qd8 16. Bxf6 gxf6 17. Nb3 Qd6 18. Nd4 Bd7 19. b5 c5 20. Nf5 Bxf5 21. Bxf5 h5
22. Qf3 Kf8 23. Re2 Bd8 24. h4 Bc7 25. g3 Re8 26. Rxe8+ Kxe8 27. Re1+ Kf8 28. d3
Qd8 29. Kg2 Be5 30. c4 dxc4 31. dxc4 Kg7 32. Be4 Qd7 33. Bc6 Qd6 34. Bd5 Qd7 35.
Re4 Rh6 36. a4 Kf8 37. Qe2 Kg7 38. Qf3 Kf8 39. a5 Kg7 40. a6 Kf8 41. Bc6 Qd2 42.
Re2 Qd1 43. Be4 Qd4 44. Bd3 Kg7 45. Re3 Qd7 46. Bf5 Qd4 47. Qb7 Qxc4 48. Qxa7
Rh8 49. Qb7 Rd8 50. a7 Rd1 51. Bd3 1-0

[Event "40th ECC Open 2025"]
[Site "Rhodes GRE"]
[Date "2025.10.21"]
[Round "3.130"]
[White "Jashari, Ardian"]
[Black "Varga, Zoltan"]
[Result "1/2-1/2"]
[WhiteTitle "FM"]
[BlackTitle "GM"]
[WhiteElo "2166"]
[BlackElo "2286"]
[WhiteTeam "Dardania"]
[BlackTeam "SK Dunajska Streda"]
[WhiteFideId "955388"]
[BlackFideId "700509"]
[EventDate "2025.10.19"]
[EventType "team"]

1. e4 d6 2. d4 Nf6 3. Nc3 Nbd7 4. Be3 e5 5. f3 c6 6. Qd2 b5 7. d5 cxd5 8. Nxd5
a6 9. a4 bxa4 10. Rxa4 Bb7 11. c4 Be7 12. Bd3 O-O 13. Ne2 Nxd5 14. cxd5 Nc5 15.
Bxc5 dxc5 16. Bc4 Bg5 17. Qd3 Qb6 18. Qb3 Qxb3 19. Bxb3 Rfb8 20. Bc4 Bc8 21. b3
a5 22. O-O Bd7 23. Ra3 Be3+ 24. Kh1 Bd2 25. Ra2 Bb4 26. f4 Re8 27. f5 Reb8 28.
Rc1 g6 29. g4 Kg7 30. Kg2 h5 31. h3 hxg4 32. hxg4 Rh8 33. Ng3 Rh4 34. Be2 Rah8
35. Rh1 Rxh1 36. Nxh1 gxf5 37. gxf5 Kf6 38. Nf2 Bc3 39. Nd1 Bb4 40. Nf2 Bc3 41.
Nd1 Bb4 42. Ne3 Bc3 1/2-1/2

[Event "40th ECC Open 2025"]
[Site "Rhodes GRE"]
[Date "2025.10.21"]
[Round "3.131"]
[White "Csonka, Attila Istvan"]
[Black "Budima, Armend"]
[Result "1-0"]
[WhiteTitle "IM"]
[BlackTitle "CM"]
[WhiteElo "2301"]
[BlackElo "2169"]
[WhiteTeam "SK Dunajska Streda"]
[BlackTeam "Dardania"]
[WhiteFideId "716529"]
[BlackFideId "3612236"]
[EventDate "2025.10.19"]
[EventType "team"]

1. e4 c5 2. Nf3 d6 3. c3 Nf6 4. g3 Nc6 5. d3 Bg4 6. Bg2 h5 7. h3 Bd7 8. Bg5 Nh7
9. Be3 Nf6 10. Nbd2 g6 11. Ng5 Bg7 12. O-O h4 13. g4 Ne5 14. f4 Nexg4 15. hxg4
Nxg4 16. Qf3 f6 17. Nh3 Qc8 18. d4 Bh6 19. Rfe1 Nxe3 20. Rxe3 Bg4 21. Qf2 g5 22.
fxg5 fxg5 23. Rf1 Rf8 24. Qe1 Rxf1+ 25. Nxf1 Qd7 26. e5 cxd4 27. cxd4 dxe5 28.
d5 Rc8 29. Nf2 Rc2 30. Rc3 Re2 31. Qb1 Bf5 32. Qd1 Bg4 33. Bh3 Bxh3 34. Qxe2 Bf5
35. Qh5+ 1-0

[Event "40th ECC Open 2025"]
[Site "Rhodes GRE"]
[Date "2025.10.21"]
[Round "3.132"]
[White "Krasniqi, Alban"]
[Black "Takacs, Laszlo"]
[Result "1-0"]
[BlackTitle "FM"]
[WhiteElo "2131"]
[BlackElo "2267"]
[WhiteTeam "Dardania"]
[BlackTeam "SK Dunajska Streda"]
[WhiteFideId "22101381"]
[BlackFideId "14918854"]
[EventDate "2025.10.19"]
[EventType "team"]

1. Nf3 d5 2. d4 e6 3. c4 c5 4. cxd5 exd5 5. g3 Nc6 6. Bg2 Nf6 7. O-O Be7 8. Nc3
O-O 9. Bg5 cxd4 10. Nxd4 h6 11. Be3 Re8 12. h3 Bf8 13. Bf4 a6 14. Na4 Ne4 15.
Rc1 Bd7 16. Nb3 g5 17. Bd2 Nxd2 18. Qxd2 Ne5 19. Nc3 Nc4 20. Qxd5 Nd6 21. Nd4
Qf6 22. e4 Bg7 23. Rcd1 Rad8 24. Qb3 b5 25. Rfe1 Qg6 26. Qb4 Bc8 27. Nc6 Rd7 28.
e5 a5 29. Qc5 Nb7 30. Qxb5 Rxd1 31. Rxd1 Qf5 32. g4 Qe6 33. Nd5 Nd8 34. Nc7 1-0

[Event "40th ECC Open 2025"]
[Site "Rhodes GRE"]
[Date "2025.10.21"]
[Round "3.133"]
[White "Ghazarian, Kirk"]
[Black "Alexakis, Dimitris"]
[Result "1-0"]
[WhiteTitle "GM"]
[BlackTitle "IM"]
[WhiteElo "2513"]
[BlackElo "2548"]
[WhiteTeam "Baerum Schakselskap"]
[BlackTeam "Ippotis Rhodes chess club"]
[WhiteFideId "30908604"]
[BlackFideId "4277023"]
[EventDate "2025.10.19"]
[EventType "team"]

1. d4 Nf6 2. c4 e6 3. Nc3 Bb4 4. Qc2 d6 5. e3 c5 6. Nf3 Nc6 7. dxc5 dxc5 8. Bd2
O-O 9. a3 Ba5 10. O-O-O a6 11. Bd3 b5 12. Ne4 b4 13. Nxf6+ Qxf6 14. Bxh7+ Kh8
15. Be4 Bb7 16. axb4 Bxb4 17. Bc3 Bxc3 18. Qxc3 Nd4 19. exd4 Bxe4 20. Rhe1 Bh7
21. dxc5 Qf4+ 22. Re3 Qf5 23. Nd4 Qxc5 24. b4 Qc7 25. Kb2 Rab8 26. Nb3 Rfc8 27.
Ka3 Kg8 28. h4 Qf4 29. Rd4 Qxf2 30. Rg4 g6 31. h5 Qf5 32. hxg6 fxg6 33. Rge4 a5
34. Nxa5 Rb6 35. Rd4 g5 36. Rf3 Qb1 37. Rg4 Bf5 38. Rxg5+ Kf7 39. Rg7+ Ke8 40.
Rg8+ Kd7 41. Qg7+ Kd6 42. Qd4+ 1-0

[Event "40th ECC Open 2025"]
[Site "Rhodes GRE"]
[Date "2025.10.21"]
[Round "3.134"]
[White "Patrelakis, Evaggelos"]
[Black "Elmi, Saad Abobaker"]
[Result "0-1"]
[WhiteTitle "IM"]
[BlackTitle "IM"]
[WhiteElo "2437"]
[BlackElo "2415"]
[WhiteTeam "Ippotis Rhodes chess club"]
[BlackTeam "Baerum Schakselskap"]
[WhiteFideId "4295102"]
[BlackFideId "1553259"]
[EventDate "2025.10.19"]
[EventType "team"]

1. e4 e5 2. Nf3 Nc6 3. Bc4 Nf6 4. d3 Be7 5. O-O O-O 6. Re1 d6 7. a4 a5 8. Nbd2
Be6 9. c3 Bxc4 10. Nxc4 Qd7 11. Qb3 h6 12. h3 Rfe8 13. Ne3 Bf8 14. Nh4 b6 15.
Ng6 Rad8 16. Nxf8 Rxf8 17. Nf5 d5 18. Ng3 Rfe8 19. Be3 Qe6 20. Rac1 Nb8 21. Qc2
c5 22. Rcd1 Nc6 23. Bc1 Rd7 24. Qb3 Red8 25. Qxb6 dxe4 26. Nxe4 Nxe4 27. Rxe4
Rxd3 28. Rxd3 Rxd3 29. Re1 c4 30. Bf4 Kh7 31. Bg3 e4 32. Kh2 f5 33. Re3 Rd2 34.
Qb5 Ne7 35. Re1 Ng6 36. Qb8 Qf6 37. Kg1 f4 38. Bh2 e3 39. fxe3 f3 40. Rf1 Qg5
41. g4 Qxe3+ 42. Kh1 Qe2 43. Rg1 f2 0-1

[Event "40th ECC Open 2025"]
[Site "Rhodes GRE"]
[Date "2025.10.21"]
[Round "3.135"]
[White "Evenshaug, Amadeus Hestvik"]
[Black "Krallis, Christos"]
[Result "0-1"]
[WhiteTitle "CM"]
[BlackTitle "FM"]
[WhiteElo "2244"]
[BlackElo "2403"]
[WhiteTeam "Baerum Schakselskap"]
[BlackTeam "Ippotis Rhodes chess club"]
[WhiteFideId "1534874"]
[BlackFideId "4298896"]
[EventDate "2025.10.19"]
[EventType "team"]

1. e4 c5 2. Nf3 Nc6 3. d4 cxd4 4. Nxd4 e5 5. Nb5 d6 6. c4 Be6 7. N1c3 a6 8. Na3
g6 9. Be2 Bg7 10. O-O Nd4 11. Be3 Ne7 12. Nd5 Nec6 13. Qd2 O-O 14. Rfe1 Rc8 15.
Rac1 f5 16. Bg5 Qe8 17. Bd1 Qf7 18. f3 Kh8 19. Ba4 f4 20. Bh4 g5 21. Bf2 g4 22.
Bxc6 Nxf3+ 23. gxf3 gxf3 24. Kh1 bxc6 25. Nb6 Rcd8 26. Qd3 Qh5 27. Rc3 Bh6 28.
Rg1 Rg8 29. Qxf3 Rxg1+ 30. Bxg1 Bg4 31. Qf2 Rg8 32. Nc2 Qg6 33. Ne1 Qxe4+ 34.
Nf3 Bh3 35. a4 Bg5 36. a5 Bh4 37. Qd2 Be1 38. Qc2 Bxc3 0-1

[Event "40th ECC Open 2025"]
[Site "Rhodes GRE"]
[Date "2025.10.21"]
[Round "3.136"]
[White "Stamatiou, Rodolfos"]
[Black "Mihajlov, Svetoslav"]
[Result "1-0"]
[WhiteTitle "FM"]
[BlackTitle "CM"]
[WhiteElo "2275"]
[BlackElo "2119"]
[WhiteTeam "Ippotis Rhodes chess club"]
[BlackTeam "Baerum Schakselskap"]
[WhiteFideId "25826530"]
[BlackFideId "1507168"]
[EventDate "2025.10.19"]
[EventType "team"]

1. d4 d5 2. Nf3 Nf6 3. c4 e6 4. g3 Bb4+ 5. Bd2 Be7 6. Bg2 O-O 7. O-O dxc4 8. Qc2
a6 9. a4 Nc6 10. Qxc4 a5 11. Nc3 Ra6 12. Bg5 h6 13. Bxf6 Bxf6 14. Nb5 Na7 15.
Ne5 c6 16. Nxa7 Rxa7 17. e3 Be7 18. Be4 Bd7 19. Rac1 Be8 20. Bb1 Qd5 21. Qd3 g6
22. h4 h5 23. e4 Qd8 24. f4 c5 25. d5 exd5 26. exd5 Qb6 27. Nc4 Qd8 28. f5 Bf6
29. fxg6 fxg6 30. Kh2 b6 31. d6 Rg7 32. Rf4 Bd4 33. Rxf8+ Kxf8 34. Rf1+ Kg8 35.
Qe2 Bf7 36. Ne5 Qe8 37. d7 Qe7 38. d8=Q+ Qxd8 39. Nxf7 Qd7 40. Ng5 1-0

[Event "40th ECC Open 2025"]
[Site "Rhodes GRE"]
[Date "2025.10.21"]
[Round "3.137"]
[White "Skagseth, Havard M"]
[Black "Sandalakis, Nikolaos"]
[Result "0-1"]
[BlackTitle "CM"]
[WhiteElo "2029"]
[BlackElo "2206"]
[WhiteTeam "Baerum Schakselskap"]
[BlackTeam "Ippotis Rhodes chess club"]
[WhiteFideId "1511572"]
[BlackFideId "4222890"]
[EventDate "2025.10.19"]
[EventType "team"]

1. e4 c5 2. Nf3 a6 3. d4 cxd4 4. Nxd4 Nf6 5. Nc3 e5 6. Nf3 Nc6 7. a3 h6 8. Be2
Bc5 9. O-O O-O 10. Qd3 d6 11. Be3 Bxe3 12. Qxe3 Be6 13. Rad1 Qc7 14. Rd2 b5 15.
Rfd1 Rfd8 16. h3 Na5 17. Nd5 Bxd5 18. exd5 Rac8 19. Nh2 Nc4 20. Bxc4 Qxc4 21. c3
Rc5 22. Qd3 Re8 23. Nf1 Qxd3 24. Rxd3 Nd7 25. g4 Nb6 26. Nd2 Nc4 27. b4 Rc7 28.
Nxc4 Rxc4 29. Rb1 Rec8 30. Rb3 g6 31. Kf1 f5 32. gxf5 gxf5 33. Ke1 Kf7 34. Kd2
f4 35. f3 Rg8 36. a4 Rg2+ 37. Kc1 e4 38. fxe4 Rxe4 39. axb5 axb5 40. Ra3 Re1+
41. Rd1 Ree2 42. Rf1 Kg6 43. Ra8 f3 44. Rf8 Rc2+ 45. Kb1 Rb2+ 46. Ka1 Ra2+ 47.
Kb1 Rab2+ 48. Ka1 Ra2+ 49. Kb1 Rgb2+ 50. Kc1 f2 51. h4 Rc2+ 52. Kb1 Rab2+ 53.
Ka1 Re2 54. Rf3 Rbd2 55. Rg3+ Kh7 56. Kb1 Re1+ 57. Rxe1 fxe1=Q# 0-1

[Event "40th ECC Open 2025"]
[Site "Rhodes GRE"]
[Date "2025.10.21"]
[Round "3.138"]
[White "Frendzas, Panayotis"]
[Black "Hestvik, Elias"]
[Result "1/2-1/2"]
[WhiteTitle "IM"]
[WhiteElo "2179"]
[BlackElo "1957"]
[WhiteTeam "Ippotis Rhodes chess club"]
[BlackTeam "Baerum Schakselskap"]
[WhiteFideId "4200420"]
[BlackFideId "1534904"]
[EventDate "2025.10.19"]
[EventType "team"]

1. e4 c5 2. Nf3 Nc6 3. d4 cxd4 4. Nxd4 g6 5. Nc3 Bg7 6. Nxc6 bxc6 7. Bc4 d6 8.
O-O Nf6 9. e5 dxe5 10. Qxd8+ Kxd8 11. Re1 e6 12. Rxe5 Nd5 13. Re2 Nxc3 14. bxc3
Bxc3 15. Rb1 Ke7 16. Re3 Bd4 17. Rd3 Rd8 18. Ba3+ Ke8 19. Bb3 Rb8 20. Rbd1 Bf6
21. Bd6 Rb7 22. c4 Rbd7 23. c5 Be7 24. Ba4 Bb7 25. f4 Bxd6 26. cxd6 Ba6 27. Bxc6
Bxd3 28. Rxd3 Rc8 29. Bxd7+ Kxd7 30. Ra3 Ra8 31. Ra6 h6 32. g4 f5 33. gxf5 gxf5
34. Kf2 Rb8 35. Rxa7+ Kxd6 36. Rh7 Rb2+ 37. Kg3 Rxa2 38. Rxh6 Kd5 39. Kf3 Ra3+
40. Kf2 Ra6 41. Ke3 Rb6 42. h4 Rb3+ 43. Kf2 Rb6 44. Ke3 Rb3+ 45. Kf2 Ke4 46.
Rxe6+ Kxf4 47. h5 Rb2+ 48. Re2 Rb6 49. Ra2 Rh6 50. Ra4+ Kg5 51. Ra3 Rxh5 52.
Rg3+ Kf6 53. Ra3 Rh8 54. Rb3 Ra8 55. Kg2 Ra4 56. Kg3 Kg5 57. Rc3 Rg4+ 58. Kf3
Rh4 59. Kg2 Kg4 60. Rc4+ f4 61. Rc3 Rh8 62. Ra3 Rb8 63. Kf2 Rb2+ 64. Kf1 Rb1+
65. Kf2 Rb4 66. Rc3 Re4 67. Ra3 Re7 68. Rb3 Rh7 69. Kg2 Ra7 70. Kf2 Ra4 71. Rc3
f3 72. Rc8 Ra2+ 73. Kf1 Kg5 74. Rg8+ Kh6 75. Rf8 f2 76. Rxf2 Rxf2+ 77. Kxf2 1/2-1/2

[Event "40th ECC Open 2025"]
[Site "Rhodes GRE"]
[Date "2025.10.21"]
[Round "3.139"]
[White "Noe, Christopher"]
[Black "Urkedal, Frode Olav Olsen"]
[Result "1/2-1/2"]
[WhiteTitle "GM"]
[BlackTitle "GM"]
[WhiteElo "2513"]
[BlackElo "2561"]
[WhiteTeam "De Sprenger Echternach"]
[BlackTeam "SK 1911"]
[WhiteFideId "24692018"]
[BlackFideId "1506102"]
[EventDate "2025.10.19"]
[EventType "team"]

1. d4 Nf6 2. c4 e6 3. Nc3 Bb4 4. e3 O-O 5. Bd2 d5 6. Nf3 b6 7. cxd5 exd5 8. Rc1
c5 9. dxc5 bxc5 10. Na4 Bxd2+ 11. Nxd2 d4 12. Nc4 Qe7 13. Be2 Rd8 14. Qb3 Na6
15. O-O Rb8 16. Qa3 Nb4 17. Bf3 Ba6 18. exd4 Rxd4 19. b3 Nd3 20. Rcd1 Bxc4 21.
bxc4 Rbd8 22. Nc3 Ne5 23. Bd5 Nxc4 24. Bxc4 Rxc4 25. Qxa7 Qf8 26. Rxd8 Qxd8 27.
Rd1 Rd4 28. Rb1 Rb4 29. Rd1 Rd4 30. Rb1 Rb4 31. Rd1 1/2-1/2

[Event "40th ECC Open 2025"]
[Site "Rhodes GRE"]
[Date "2025.10.21"]
[Round "3.140"]
[White "Risting, Eivind Olav"]
[Black "Sumets, Andrey"]
[Result "0-1"]
[WhiteTitle "FM"]
[BlackTitle "GM"]
[WhiteElo "2265"]
[BlackElo "2520"]
[WhiteTeam "SK 1911"]
[BlackTeam "De Sprenger Echternach"]
[WhiteFideId "1517333"]
[BlackFideId "14105500"]
[EventDate "2025.10.19"]
[EventType "team"]

1. d4 d5 2. c4 c6 3. Nf3 Nf6 4. Nc3 e6 5. e3 Nbd7 6. Qc2 Bd6 7. Bd3 O-O 8. O-O
dxc4 9. Bxc4 e5 10. h3 Qe7 11. Bb3 a5 12. a3 Bc7 13. Rd1 h6 14. Nh4 Rd8 15. Nf5
Qf8 16. Ba2 Nb6 17. Nh4 exd4 18. exd4 Qd6 19. Nf3 Be6 20. Bxe6 Qxe6 21. Re1 Qd6
22. g3 Qd7 23. Kg2 a4 24. Bd2 Nc4 25. Rad1 Qc8 26. Bc1 Ba5 27. Ne5 b5 28. Nxc4
bxc4 29. Re5 Bxc3 30. Qxc3 Qa6 31. Rf5 Rd5 32. Qf3 Rxf5 33. Qxf5 Nd5 34. Re1 Qa5
35. Re5 c3 36. bxc3 Qxc3 37. Bxh6 gxh6 38. Qg4+ Kf8 39. Qe4 Nf6 40. Qf4 Ng8 41.
Rf5 Qc4 42. Qd6+ Kg7 43. Qe5+ f6 44. Qc7+ Kh8 45. Qd6 Re8 46. Rc5 Qd3 47. Rxc6
Re1 48. g4 Qf1+ 49. Kg3 Qg1+ 50. Kh4 Qxf2+ 51. Kh5 Qe3 0-1

[Event "40th ECC Open 2025"]
[Site "Rhodes GRE"]
[Date "2025.10.21"]
[Round "3.141"]
[White "Stork, Oliver"]
[Black "Kjolberg, Jens Hjorth"]
[Result "1/2-1/2"]
[WhiteTitle "FM"]
[BlackTitle "CM"]
[WhiteElo "2365"]
[BlackElo "2198"]
[WhiteTeam "De Sprenger Echternach"]
[BlackTeam "SK 1911"]
[WhiteFideId "12955728"]
[BlackFideId "1508172"]
[EventDate "2025.10.19"]
[EventType "team"]

1. c4 e5 2. d3 Bb4+ 3. Bd2 Bxd2+ 4. Qxd2 Qe7 5. Nc3 Nf6 6. g3 O-O 7. Bg2 c6 8.
e4 Na6 9. Nge2 Nc7 10. O-O b5 11. cxb5 cxb5 12. d4 d6 13. a4 b4 14. Nd1 Ba6 15.
Re1 Bxe2 16. Qxe2 Ne6 17. dxe5 dxe5 18. Ne3 Nd4 19. Qa6 Rac8 20. Rac1 Rxc1 21.
Rxc1 g6 22. Nd5 Nxd5 23. exd5 Rd8 24. Rc8 Rxc8 25. Qxc8+ Kg7 26. Qb8 Qg5 27. Be4
a5 28. h4 Qf6 29. d6 Nf3+ 30. Bxf3 Qxf3 31. d7 Qd1+ 32. Kh2 Qd4 33. Kg1 Qd1+ 34.
Kg2 Qd5+ 35. Kh2 Qd4 36. d8=Q 1/2-1/2

[Event "40th ECC Open 2025"]
[Site "Rhodes GRE"]
[Date "2025.10.21"]
[Round "3.142"]
[White "Dahl, Max"]
[Black "Hammes, Michael"]
[Result "0-1"]
[BlackTitle "IM"]
[WhiteElo "2159"]
[BlackElo "2296"]
[WhiteTeam "SK 1911"]
[BlackTeam "De Sprenger Echternach"]
[WhiteFideId "1526626"]
[BlackFideId "4619358"]
[EventDate "2025.10.19"]
[EventType "team"]

1. e4 e6 2. d4 d5 3. Nc3 Nf6 4. Bg5 Be7 5. e5 Nfd7 6. Bxe7 Qxe7 7. f4 a6 8. Nf3
c5 9. Qd2 Nc6 10. a3 f5 11. exf6 Qxf6 12. dxc5 O-O 13. g3 Nxc5 14. O-O-O Rd8 15.
Bd3 Bd7 16. Qf2 Nxd3+ 17. Rxd3 Be8 18. Re1 Bg6 19. Rdd1 Rac8 20. Nd4 Nxd4 21.
Rxd4 Rc6 22. Qe3 Qf5 23. Re2 Bh5 24. Red2 Rdc8 25. Kb1 h6 26. Qd3 Bg4 27. Qxf5
Bxf5 28. Rb4 R8c7 29. Rbd4 Kf7 30. Re2 Kf6 31. Kc1 h5 32. h4 Rxc3 33. bxc3 Rxc3
34. a4 Rxg3 35. Rb4 b5 36. axb5 axb5 37. Rh2 Rf3 38. Kd2 Be4 39. Rxb5 Rxf4 40.
Rc5 Kf5 41. c4 Kg4 42. Rc7 g6 43. c5 Rf8 44. c6 Ra8 45. Kc3 Ra4 46. Rc8 Rc4+ 47.
Kb3 Bf5 48. Re2 Kxh4 49. Re3 e5 50. Rc7 Rc1 51. Rxe5 d4 52. Kb2 Rc2+ 53. Ka3 d3
54. Rd5 Kg4 55. Rd6 h4 56. Kb3 h3 57. Rh7 h2 58. c7 Kg3 59. Rh6 Rxc7 60. Rhxg6+
Bxg6 61. Rxg6+ Kf2 62. Rh6 Kg1 63. Rg6+ Kf1 64. Rf6+ Ke1 65. Re6+ Kd1 66. Rh6
Rc2 67. Rh3 Kc1 0-1